Statistics for Things That Are Green

Click here to take the quiz!

General Stats

  • This quiz has been taken 60 times
  • The average score is 9 of 12

Answer Stats

Answer% Correct
Kiwi
98%
Cactus
96%
Pear
94%
Emerald
92%
Kermit
88%
Peas
88%
Grasshopper
82%
Praying Mantis
74%
Lily Pad
68%
Yoshi
48%
Tree Frog
18%
Slytherin
16%

Score Distribution

Percentile by Number Answered

Percent of People with Each Score

Your Score History

You have not taken this quiz